| 000 | 00369 a2200109 4500 | ||
|---|---|---|---|
| 001 | ART_23659 | ||
| 005 | 20260410161932.0 | ||
| 008 | 260409a | ||
| 245 | 1 | 0 | _aEl hombre para Platón |
| 100 | 1 | _aLetizia, Francisco | |
| 773 | 0 |
_tRevista de la Facultad de Ciencias Económicas de la Universidad de Cuyo _g- Año XXX, Nº 77 (ene./jun. 1978) _wREV22981 |
|
| 999 |
_c28702 _d28702 |
||